00693 a2200205 4500001000700000020001800007041000800025090001700033250001000050697003100060856002400091040002500115100002700140245005200167260002500219942000700244952012500251952009200376999001900468105858 a9788526019928 apor aP Year 6 028 a. ed. aLiteratura infanto-juvenil u00000b/00000bd6.jpg aBR-BrIDEAcBR-BrIDEA aRey, Marcosd1925-199910aO último mamífero do Martinellic Marco Rey a[S.l.]bGlobalc2014 cBK 00102ddc4070a12.28b12.28d2014-10-15l2oP Year 6 028p00010628SSWr2024-06-04 12:50:51s2024-05-17w2024-01-23yBK 00104070a80.1b80.1d2024-02-09l0oREYpA08660r2024-02-09 21:16:01w2024-02-09yBK c105858d105858